Statistics for Top 15 countries with the Largest Music Industries

Click here to take the quiz!

General Stats

  • This quiz has been taken 453 times
  • The average score is 14 of 15

Answer Stats

Total Value ($)Country% Correct
5.318 BillionUnited States
100%
1.251 BillionUnited Kingdom
99%
849 MillionFrance
96%
202 MillionChina
95%
191 MillionSpain
95%
367 MillionCanada
94%
1.212 BillionGermany
94%
2.745 BillionJapan
93%
230 MillionBrazil
92%
263 MillionItaly
92%
134 MillionMexico
91%
357 MillionAustralia
90%
330 MillionSouth Korea
86%
192 MillionSweden
74%
243 MillionNetherlands
68%

Score Distribution

Percentile by Number Answered

Percent of People with Each Score

Your Score History

You have not taken this quiz